000 00588nam a2200181Ia 4500
008 151018s9999 xx 000 0 und d
082 _bRBASDV18702
_a891.463
100 _aशिरीष पै
245 _aलालन बैरागीण
250 _b2
260 _bचंद्रकांत शेट्ये प्रकाशन मंदिर
_c1981
300 _a126
600 _aशिरीष पै
630 _aलालन बैरागीण
700 _aशिरीष पै
730 _aलालन बैरागीण
942 _cBOOK
999 _c1019350
_d1019347